000 00373nam a2200145 i 4500
001 bg
100 1 _aKULDSCHUN, Herbert
245 0 _aBudownictwo dla upośledzonych fizycznie /
_cHerbert Kuldschun, Erich Rosman.
260 _aWarszawa,
_c1980.
700 1 _aROSMAN, Erich
040 _cBPK
041 _apol
942 _cKS
008 s pl f |000 0 pol
999 _c18312
_d18312
856 _uhttp://koha.tu.koszalin.pl/cgi-bin/koha/opac-detail.pl?biblionumber=18312
_yKatalog online BPK